[Event "49th Continental Open"]
[Site "Sturbridge, MA"]
[Date "2019.08.18"]
[Round "9.1"]
[White "Nyzhnyk, Illya"]
[Black "Mikhalevski, Victor"]
[Result "1/2-1/2"]
[WhiteElo "2666"]
[BlackElo "2578"]
[PlyCount "63"]
[EventDate "2019.08.??"]
[EventType "swiss"]
[EventRounds "9"]
[EventCountry "USA"]

1. d4 Nf6 2. c4 g6 3. Nc3 d5 4. cxd5 Nxd5 5. Bd2 Bg7 6. e4 Nxc3 7. Bxc3 O-O 8.
Qd2 c5 9. d5 e6 10. Bc4 exd5 11. Bxd5 Nc6 12. Bxg7 Kxg7 13. Ne2 Bg4 14. f3 Be6
15. Qc3+ Qf6 16. Bxc6 bxc6 17. O-O-O Bxa2 18. Qxf6+ Kxf6 19. Rd6+ Ke7 20. Rxc6
Rfc8 21. Rxc8 Rxc8 22. Kc2 Bc4 23. Nf4 Rb8 24. Ra1 a6 25. Kc3 Rb4 26. b3 Bxb3
27. Rxa6 Rb5 28. h4 h5 29. g4 hxg4 30. fxg4 Rb4 31. Ra7+ Kf8 32. Nd3 1/2-1/2

[Event "49th Continental Open"]
[Site "Sturbridge, MA"]
[Date "2019.08.18"]
[Round "9.2"]
[White "Zherebukh, Yaroslav"]
[Black "Zhou, Jianchao"]
[Result "0-1"]
[WhiteElo "2631"]
[BlackElo "2606"]
[PlyCount "80"]
[EventDate "2019.08.??"]
[EventType "swiss"]
[EventRounds "9"]
[EventCountry "USA"]

1. Nf3 c5 2. g3 g6 3. Bg2 Bg7 4. O-O Nc6 5. c3 Nf6 6. d4 cxd4 7. cxd4 d5 8. Nc3
Ne4 9. Qb3 O-O 10. Rd1 Nxc3 11. bxc3 e6 12. Bg5 Qc7 13. Bf4 Qd8 14. h4 b6 15.
e4 dxe4 16. Ng5 Na5 17. Qc2 f5 18. f3 h6 19. fxe4 hxg5 20. Bxg5 Qe8 21. exf5
Bb7 22. fxg6 Bxg2 23. Kxg2 Qc6+ 24. Kh3 e5 25. d5 Qd7+ 26. Kh2 Rf5 27. Qe2 Raf8
28. Rf1 Qxd5 29. Rxf5 Rxf5 30. Rd1 Qc4 31. Qh5 Nc6 32. Qh7+ Kf8 33. Bh6 Qe2+
34. Kh3 Qxd1 35. Qxg7+ Ke8 36. Qc7 Qd7 37. g7 Qxc7 38. g8=Q+ Kd7 39. Qg4 Ne7
40. Bg5 Qc6 0-1

[Event "49th Continental Open"]
[Site "Sturbridge, MA"]
[Date "2019.08.18"]
[Round "9.3"]
[White "Sheng, Joshua"]
[Black "Steingrimsson, Hedinn"]
[Result "1-0"]
[WhiteElo "2483"]
[BlackElo "2547"]
[PlyCount "115"]
[EventDate "2019.08.??"]
[EventType "swiss"]
[EventRounds "9"]
[EventCountry "USA"]

1. e4 e5 2. Nf3 Nc6 3. Bc4 Bc5 4. O-O Nf6 5. d3 d6 6. c3 h6 7. Nbd2 a5 8. Re1
O-O 9. h3 Ba7 10. Nf1 Ne7 11. Nh4 g5 12. Nf3 Be6 13. N3h2 Bxc4 14. dxc4 Kh7 15.
Ng4 Ne8 16. Be3 Bxe3 17. Nfxe3 b6 18. Qf3 f6 19. Rad1 Ng7 20. h4 Ng6 21. Nf5
Nxh4 22. Nxh4 gxh4 23. Qe3 h5 24. Qh6+ Kg8 25. Ne3 Qd7 26. Nd5 Qf7 27. f4 exf4
28. Rf1 Ne6 29. Nxf4 Qg7 30. Qxh5 Qg5 31. Rd5 Qxh5 32. Nxh5 Kh7 33. Nxf6+ Kg6
34. Rdf5 Ng5 35. Nd5 Rxf5 36. exf5+ Kf7 37. Nxc7 Rc8 38. Nb5 Kf6 39. Nxd6 Rc6
40. Rd1 Ke7 41. Rd5 h3 42. f6+ Kxf6 43. Ne8+ Kf7 44. Rxg5 Kxe8 45. gxh3 Rxc4
46. Rb5 Rc6 47. h4 Kd7 48. Kg2 Rd6 49. c4 Kc6 50. Rd5 Re6 51. Kf3 Re1 52. h5 a4
53. a3 Rc1 54. Rd4 Rh1 55. Kg4 Kc5 56. Rf4 Rh2 57. Kg5 Rxb2 58. h6 1-0

[Event "49th Continental Open"]
[Site "Sturbridge, MA"]
[Date "2019.08.18"]
[Round "9.4"]
[White "Balakrishnan, Praveen"]
[Black "Cordova, Emilio"]
[Result "1/2-1/2"]
[WhiteElo "2433"]
[BlackElo "2599"]
[PlyCount "39"]
[EventDate "2019.08.??"]
[EventType "swiss"]
[EventRounds "9"]
[EventCountry "USA"]

1. d4 Nf6 2. c4 e6 3. Nf3 c5 4. d5 exd5 5. cxd5 d6 6. Nc3 g6 7. g3 Bg7 8. Bg2
O-O 9. O-O Re8 10. Bf4 Na6 11. Re1 Bg4 12. h3 Bxf3 13. Bxf3 Nd7 14. e4 Ne5 15.
Be2 Nc7 16. a4 a6 17. a5 Rb8 18. Qb3 Na8 19. Qc2 Qc8 20. Kg2 1/2-1/2

[Event "49th Continental Open"]
[Site "Sturbridge, MA"]
[Date "2019.08.18"]
[Round "9"]
[White "Azarov, Sergei"]
[Black "Mulyar, Michael"]
[Result "1/2-1/2"]
[WhiteElo "2589"]
[BlackElo "2382"]
[PlyCount "109"]
[EventDate "2019.08.??"]
[EventType "swiss"]
[EventRounds "9"]
[EventCountry "USA"]

1. e4 e5 2. Nf3 Nc6 3. Bb5 a6 4. Ba4 Nf6 5. O-O b5 6. Bb3 Bc5 7. c3 d6 8. a4
Rb8 9. d4 Bb6 10. a5 Ba7 11. h3 O-O 12. Be3 exd4 13. cxd4 Nb4 14. Nc3 Bb7 15.
Ng5 Qe8 16. Re1 h6 17. Nf3 c5 18. d5 Ra8 19. Qd2 c4 20. Bxa7 Rxa7 21. Bc2 Nxc2
22. Qxc2 Bc8 23. Nd4 Re7 24. Nc6 Rc7 25. Re3 Nd7 26. Rae1 Ne5 27. Nxe5 dxe5 28.
Na2 Qe7 29. Qc3 Bb7 30. Nb4 Qd6 31. R3e2 f6 32. Rd2 Kh7 33. Nc2 Bc8 34. Qb4
Qxb4 35. Nxb4 Bb7 36. Rc1 Rfc8 37. Kf1 Kg8 38. Ke2 Kf8 39. Rdc2 Ke8 40. Kd2 Kd7
41. b3 cxb3 42. Rxc7+ Rxc7 43. Rxc7+ Kxc7 44. Kc3 Kd6 45. Kxb3 f5 46. f3 fxe4
47. fxe4 g5 48. Nd3 Bc8 49. Kb4 Bd7 50. Kc3 Bc8 51. Kb3 Bd7 52. Kb4 Bc8 53. Nc5
Kc7 54. Nd3 Kd6 55. Nc5 1/2-1/2

[Event "49th Continental Open"]
[Site "Sturbridge, MA"]
[Date "2019.08.18"]
[Round "9"]
[White "Ivanov, Alexander"]
[Black "Rajesh, C.S."]
[Result "1-0"]
[WhiteElo "2473"]
[BlackElo "2145"]
[PlyCount "145"]
[EventDate "2019.08.??"]
[EventType "swiss"]
[EventRounds "9"]
[EventCountry "USA"]

1. e4 c5 2. Nf3 e6 3. d4 cxd4 4. Nxd4 Nc6 5. Nb5 d6 6. Bf4 e5 7. Be3 Nf6 8. Bg5
Be6 9. Bxf6 gxf6 10. Nd2 a6 11. Nc3 b5 12. g3 Rc8 13. Bg2 Nd4 14. O-O h5 15.
Nf3 Nxf3+ 16. Bxf3 h4 17. a4 b4 18. Nd5 Bxd5 19. Qxd5 hxg3 20. hxg3 Rc5 21. Qb7
Qc8 22. Qxc8+ Rxc8 23. Rfd1 Be7 24. Be2 Rc6 25. b3 O-O 26. a5 Ra8 27. Bc4 Rc5
28. Ra4 Ra7 29. Kg2 Kg7 30. Kf3 Bd8 31. Rxd6 Bxa5 32. Rxa6 Rxa6 33. Bxa6 Bd8
34. Bc4 Ba5 35. Kg4 Kg6 36. f3 f5+ 37. exf5+ Kf6 38. Ra1 Bd8 39. Ra7 Rc7 40.
Ra6+ Kg7 41. Rd6 Be7 42. Rb6 Rd7 43. f6+ Bxf6 44. Rxb4 Be7 45. Rb5 Kf6 46. Bd5
Rd8 47. c4 Bd6 48. Rb6 Rg8+ 49. Kh3 Ke7 50. Rb7+ Kd8 51. c5 Bc7 52. Bxf7 Rg7
53. Bd5 e4 54. Bxe4 Rxg3+ 55. Kh4 Rg1 56. b4 Rc1 57. Kg4 Kc8 58. Rb5 Kd7 59.
c6+ Ke7 60. Rh5 Rg1+ 61. Kf5 Rg7 62. Bd5 Kd6 63. Ke4 Re7+ 64. Kd4 Bb6+ 65. Kc4
Bf2 66. f4 Rg7 67. Rh6+ Kc7 68. Kb5 Be3 69. Rf6 Bd2 70. f5 Bc3 71. Rf8 Kd6 72.
Bc4 Ke7 73. c7 1-0

[Event "49th Continental Open"]
[Site "Sturbridge, MA"]
[Date "2019.08.18"]
[Round "9"]
[White "Tsay, Vincent"]
[Black "Escalante Ramirez, Brian Sebasti"]
[Result "1/2-1/2"]
[WhiteElo "2164"]
[BlackElo "2452"]
[PlyCount "86"]
[EventDate "2019.08.??"]
[EventType "swiss"]
[EventRounds "9"]
[EventCountry "USA"]

1. d4 f5 2. Nf3 Nf6 3. g3 g6 4. Bg2 Bg7 5. O-O O-O 6. b3 a5 7. c4 a4 8. Bb2 d6
9. Nbd2 c6 10. Qc2 f4 11. gxf4 Nh5 12. e3 Bf5 13. Qd1 Qc8 14. Kh1 Na6 15. Bc3
Nc5 16. Nh4 Bh3 17. Rg1 Bxg2+ 18. Rxg2 Qh3 19. Nhf3 axb3 20. axb3 Rxa1 21. Bxa1
Ra8 22. Bb2 Qf5 23. Rg5 Ne4 24. Nxe4 Qxe4 25. Rg2 Bf6 26. Ne1 c5 27. Qd3 Qxd3
28. Nxd3 cxd4 29. exd4 Ng7 30. Nb4 Nf5 31. Nd5 Bg7 32. f3 Kf7 33. Re2 e6 34.
Nc7 Ra2 35. Nxe6 Bf6 36. Ng5+ Bxg5 37. fxg5 Nxd4 38. Re4 Nxf3 39. Rf4+ Ke6 40.
Rf6+ Ke7 41. Rxf3 Rxb2 42. Re3+ Kd7 43. Kg1 b6 1/2-1/2

[Event "49th Continental Open"]
[Site "Sturbridge, MA"]
[Date "2019.08.18"]
[Round "9"]
[White "Poliannikov, Danila"]
[Black "Lapshun, Yury"]
[Result "0-1"]
[WhiteElo "2093"]
[BlackElo "2391"]
[PlyCount "120"]
[EventDate "2019.08.??"]
[EventType "swiss"]
[EventRounds "9"]
[EventCountry "USA"]

1. e4 c5 2. Nf3 e6 3. d4 cxd4 4. Nxd4 Nf6 5. Bd3 Nc6 6. Nb3 d5 7. exd5 Nxd5 8.
O-O Be7 9. a3 e5 10. c4 Nb6 11. Nc3 Be6 12. Qe2 Rc8 13. Be3 O-O 14. Rfd1 Qe8
15. Nc5 Bxc4 16. Bxc4 Nxc4 17. Qxc4 Nd4 18. Bxd4 exd4 19. N3e4 b6 20. b4 bxc5
21. Nxc5 Qc6 22. Rac1 Bf6 23. Qd3 Rfe8 24. a4 Re5 25. g3 Rce8 26. a5 Bg5 27.
Rb1 Re2 28. Rf1 Rd2 29. Qf5 Be7 30. Nb3 g6 31. Qf4 Rd3 32. Nxd4 Qd5 33. Nc2 Bd6
34. Qh4 Rd2 35. Rbe1 Rxe1 36. Nxe1 Kg7 37. Ng2 Rd4 38. Qd8 Bxb4 39. Qb8 Qxa5
40. Nf4 Bd6 41. Qb2 Qd2 42. Qxd2 Rxd2 43. Ra1 Bc5 44. Nh3 h6 45. Kg2 g5 46. g4
Kg6 47. Kg3 h5 48. Ra6+ Bb6 49. gxh5+ Kxh5 50. Ra4 f5 51. Rb4 f4+ 52. Kg2 Kg4
53. Rb3 Be3 54. Kf1 Kxh3 55. fxe3 f3 56. e4 g4 57. Re3 Kxh2 58. e5 g3 59. Rxf3
g2+ 60. Ke1 Rb2 0-1

[Event "49th Continental Open"]
[Site "Sturbridge, MA"]
[Date "2019.08.18"]
[Round "9"]
[White "Times, Lawyer"]
[Black "Wu, Brandon"]
[Result "0-1"]
[WhiteElo "2139"]
[BlackElo "2023"]
[PlyCount "118"]
[EventDate "2019.08.??"]
[EventType "swiss"]
[EventRounds "9"]
[EventCountry "USA"]

1. d4 Nf6 2. Nf3 g6 3. g3 Bg7 4. Bg2 O-O 5. O-O d6 6. c4 Nc6 7. Nc3 a6 8. Qd3
e5 9. d5 Ne7 10. c5 Ne8 11. cxd6 Nxd6 12. a4 Bd7 13. e4 c5 14. Be3 Qc7 15. Rfc1
f5 16. Ng5 f4 17. Bd2 c4 18. Qc2 b5 19. Ne6 Bxe6 20. dxe6 b4 21. Nd5 Nxd5 22.
exd5 a5 23. gxf4 exf4 24. Re1 g5 25. Rad1 Rae8 26. Be4 Bd4 27. Bxb4 Bxf2+ 28.
Qxf2 axb4 29. Qd4 f3 30. Rd2 Qe7 31. Qe5 Qf6 32. Qg3 Qf4 33. Qxf4 Rxf4 34. Bb1
Kg7 35. Kf2 Kf6 36. Re3 c3 37. Rdd3 Ne4+ 38. Rxe4 Rxe4 39. bxc3 Re2+ 40. Kf1
Rb2 41. Rxf3+ Ke5 42. Bxh7 Kxd5 43. cxb4 Rxb4 44. a5 Kxe6 45. Re3+ Kd7 46. Bf5+
Kd8 47. Rd3+ Kc7 48. Rc3+ Kd6 49. Bc8 Rb8 50. Bg4 Rb1+ 51. Kg2 Ra1 52. Rd3+ Kc5
53. Rf3 Re5 54. Rd3 Kc4 55. Rd6 Ra2+ 56. Kg3 Ra3+ 57. Bf3 Rf5 58. Rc6+ Kb5 59.
Rb6+ Kxa5 0-1

[Event "49th Continental Open"]
[Site "Sturbridge, MA"]
[Date "2019.08.18"]
[Round "9"]
[White "Arun, Siddharth"]
[Black "Padmanabhan, Karthik"]
[Result "0-1"]
[WhiteElo "2045"]
[BlackElo "1990"]
[PlyCount "38"]
[EventDate "2019.08.??"]
[EventType "swiss"]
[EventRounds "9"]
[EventCountry "USA"]

1. e4 e5 2. f4 exf4 3. Nf3 Ne7 4. d4 d5 5. e5 Ng6 6. Bd3 c5 7. c3 Nc6 8. Bxg6
hxg6 9. Bxf4 Be7 10. O-O Be6 11. Qd2 Qb6 12. Kh1 Rh5 13. dxc5 Bxc5 14. b4 Be7
15. a4 O-O-O 16. a5 Qc7 17. Qe3 Rdh8 18. Na3 g5 19. Bg3 g4 0-1

[Event "49th Continental Open"]
[Site "Sturbridge, MA"]
[Date "2019.08.18"]
[Round "9"]
[White "Barash, Anton"]
[Black "Kavi, Nithin"]
[Result "1/2-1/2"]
[WhiteElo "1996"]
[BlackElo "1963"]
[PlyCount "89"]
[EventDate "2019.08.??"]
[EventType "swiss"]
[EventRounds "9"]
[EventCountry "USA"]

1. e4 c5 2. Nf3 d6 3. d4 cxd4 4. Nxd4 Nf6 5. Nc3 a6 6. Bg5 e6 7. f4 Be7 8. Qe2
h6 9. Bh4 Qc7 10. O-O-O Nbd7 11. Nf3 e5 12. fxe5 dxe5 13. g4 b5 14. Nd5 Nxd5
15. exd5 Bd6 16. Nd4 Nb6 17. Nf5 Bxf5 18. gxf5 Qc4 19. Qxc4 Nxc4 20. Bxc4 bxc4
21. Rhg1 Rg8 22. Bf6 Kf8 23. Bh4 Rc8 24. Rg4 g6 25. fxg6 Rxg6 26. Rxg6 fxg6 27.
Rf1+ Kg7 28. Rf6 Bc5 29. Rxa6 g5 30. Bg3 Be3+ 31. Kd1 Bf4 32. Ke2 Rd8 33. d6
Rd7 34. Kf3 Kf6 35. Ke4 Ke6 36. Rc6 Rb7 37. d7+ Kxd7 38. Rxh6 Rxb2 39. Bxf4
exf4 40. Rh5 Rxc2 41. Rxg5 Rxh2 42. Kxf4 Rxa2 43. Ke3 Kd6 44. Kd4 Rc2 45. Rd5+
1/2-1/2

[Event "49th Continental Open"]
[Site "Sturbridge, MA"]
[Date "2019.08.18"]
[Round "9"]
[White "Bader, Jeremy"]
[Black "Taylor, Steven"]
[Result "0-1"]
[WhiteElo "1899"]
[BlackElo "2045"]
[PlyCount "74"]
[EventDate "2019.08.??"]
[EventType "swiss"]
[EventRounds "9"]
[EventCountry "USA"]

1. e4 c5 2. Nf3 Nc6 3. d4 cxd4 4. Nxd4 Nf6 5. Nc3 d6 6. f3 e5 7. Nb3 Be6 8. Be3
d5 9. exd5 Nxd5 10. Nxd5 Qxd5 11. Qxd5 Bxd5 12. O-O-O O-O-O 13. Be2 Be7 14. Rd2
Nd4 15. Nxd4 exd4 16. Rxd4 Bf6 17. Rd2 Rhe8 18. Bf4 Bxa2 19. Rxd8+ Rxd8 20. b3
g5 21. Bd2 a6 22. Bb4 b5 23. Rd1 Rd4 24. Rxd4 Bxd4 25. Ba3 Kb7 26. Bb4 Be5 27.
Bd3 Kb6 28. Bxh7 a5 29. Bd2 a4 30. Bxg5 a3 31. Be7 Bb2+ 32. Kd2 Ka5 33. Bxa3
Bxa3 34. Bg8 f6 35. b4+ Bxb4+ 36. c3 Bxg8 37. cxb4+ Kxb4 0-1

[Event "49th Continental Open"]
[Site "Sturbridge, MA"]
[Date "2019.08.18"]
[Round "9"]
[White "Yu, Alex"]
[Black "Krishnakumar, Sriram"]
[Result "1/2-1/2"]
[WhiteElo "1831"]
[BlackElo "1854"]
[PlyCount "51"]
[EventDate "2019.08.??"]
[EventType "swiss"]
[EventRounds "9"]
[EventCountry "USA"]

1. e4 e5 2. Nf3 Nc6 3. Bb5 a6 4. Ba4 Nf6 5. O-O b5 6. Bb3 Bb7 7. Re1 Bc5 8. c3
d6 9. d4 Bb6 10. h3 h6 11. Be3 O-O 12. Nbd2 Re8 13. Bc2 exd4 14. cxd4 Nb4 15.
d5 Bxe3 16. Rxe3 Nxc2 17. Qxc2 Rc8 18. Nd4 c5 19. dxc6 Qb6 20. Rc3 Qxd4 21.
cxb7 Rxc3 22. Qxc3 Qxc3 23. bxc3 Rb8 24. a4 Rxb7 25. axb5 axb5 26. Rb1 1/2-1/2

[Event "49th Continental Open"]
[Site "Sturbridge, MA"]
[Date "2019.08.18"]
[Round "9"]
[White "Matsumura, Cocoro"]
[Black "Yan, Benjamin"]
[Result "0-1"]
[WhiteElo "1829"]
[BlackElo "1952"]
[PlyCount "54"]
[EventDate "2019.08.??"]
[EventType "swiss"]
[EventRounds "9"]
[EventCountry "USA"]

1. e4 e5 2. Nf3 Nc6 3. Bb5 g6 4. O-O Bg7 5. c3 Nge7 6. d4 exd4 7. cxd4 d5 8.
exd5 Nxd5 9. Re1+ Be6 10. Ng5 O-O 11. Nxe6 fxe6 12. Bxc6 bxc6 13. Rxe6 Qh4 14.
f3 Bxd4+ 15. Kh1 Rae8 16. Re2 Be5 17. Rxe5 Rxe5 18. Bd2 Rd8 19. Qg1 Re2 20. Qd1
Qf2 21. Qg1 Ne3 22. h3 Qxg1+ 23. Kxg1 Rxg2+ 24. Kh1 Rf2 25. Kg1 Rf1+ 26. Kh2
Rxd2+ 27. Nxd2 Rxa1 0-1

[Event "49th Continental Open"]
[Site "Sturbridge, MA"]
[Date "2019.08.18"]
[Round "8.2"]
[White "Mikhalevski, Victor"]
[Black "Sheng, Joshua"]
[Result "1-0"]
[WhiteElo "2578"]
[BlackElo "2483"]
[PlyCount "71"]
[EventDate "2019.08.??"]
[EventType "swiss"]
[EventRounds "9"]
[EventCountry "USA"]

1. Nf3 d5 2. g3 Nf6 3. Bg2 e6 4. O-O c5 5. d4 cxd4 6. b3 Bd6 7. Nxd4 O-O 8. Bb2
a6 9. c4 dxc4 10. bxc4 Qe7 11. Nd2 Nbd7 12. N2b3 Rb8 13. Qd2 Nc5 14. Rfd1 Nfe4
15. Qc2 f5 16. Nxc5 Nxc5 17. Nb3 Na4 18. c5 Bc7 19. Ba3 Be5 20. Rac1 b5 21. Na5
Bd7 22. c6 Qxa3 23. cxd7 Nc3 24. Nc6 Nxd1 25. Rxd1 Bf6 26. Nxb8 Rxb8 27. Qc8+
Qf8 28. Rc1 Kf7 29. Rc7 Kg6 30. Qxa6 Rd8 31. Qxe6 Qe7 32. Qxe7 Bxe7 33. Bc6 b4
34. Rc8 Kf6 35. Kf1 Ke5 36. e3 1-0

[Event "49th Continental Open"]
[Site "Sturbridge, MA"]
[Date "2019.08.18"]
[Round "8.3"]
[White "Zhou, Jianchao"]
[Black "Kiewra, Keaton"]
[Result "1-0"]
[WhiteElo "2606"]
[BlackElo "2360"]
[PlyCount "77"]
[EventDate "2019.08.??"]
[EventType "swiss"]
[EventRounds "9"]
[EventCountry "USA"]

1. d4 d5 2. c4 e6 3. Nc3 Nf6 4. cxd5 Nxd5 5. e4 Nxc3 6. bxc3 c5 7. a3 Be7 8.
Nf3 O-O 9. Bd3 b6 10. Bf4 cxd4 11. cxd4 Ba6 12. O-O Bd6 13. Bxa6 Nxa6 14. Bxd6
Qxd6 15. Qa4 Nb8 16. Rfc1 Nd7 17. Rc6 Qf4 18. Re1 Rfd8 19. Re3 Nf6 20. Qc2 b5
21. g3 Qb8 22. e5 Nd5 23. Ng5 g6 24. Rf3 Rd7 25. Qe4 Qb7 26. Qh4 h5 27. Rd6 Rc7
28. Qe4 Rac8 29. Nxf7 Rxf7 30. Qxg6+ Kf8 31. Qh6+ Kg8 32. Qg6+ Kf8 33. Qh6+ Kg8
34. Rxe6 Rg7 35. Rg6 Rd8 36. Rxg7+ Qxg7 37. Qe6+ Kh8 38. Rf7 Qg5 39. f4 1-0

[Event "49th Continental Open"]
[Site "Sturbridge, MA"]
[Date "2019.08.18"]
[Round "8"]
[White "Lapshun, Yury"]
[Black "Balakrishnan, Praveen"]
[Result "0-1"]
[WhiteElo "2391"]
[BlackElo "2433"]
[PlyCount "172"]
[EventDate "2019.08.??"]
[EventType "swiss"]
[EventRounds "9"]
[EventCountry "USA"]

1. d4 Nf6 2. Nf3 d5 3. Bg5 Nbd7 4. Nbd2 h6 5. Bh4 e6 6. e3 c5 7. c3 Be7 8. Bd3
b6 9. O-O Bb7 10. Qb1 O-O 11. b4 Bc6 12. a4 a5 13. b5 Bb7 14. Rc1 Nh5 15. Bxe7
Qxe7 16. e4 dxe4 17. Bxe4 Bxe4 18. Qxe4 Nhf6 19. Qh4 Nd5 20. Qxe7 Nxe7 21. Ne5
Nxe5 22. dxe5 Nd5 23. Nc4 Rad8 24. g3 g5 25. Ra2 Kg7 26. Rd2 Rb8 27. Rd3 h5 28.
Rcd1 Kg6 29. Kg2 h4 30. Kf3 hxg3 31. hxg3 Rh8 32. Rxd5 exd5 33. Rxd5 Rh1 34.
Rd6+ Kg7 35. Rxb6 Re8 36. Rc6 Rc1 37. Rxc5 Rxc3+ 38. Ke4 Rd8 39. Rc6 Rc2 40.
Nd6 Ra2 41. Rc7 Kg6 42. Rc4 Rxf2 43. b6 Rb2 44. b7 f5+ 45. Nxf5 Rxb7 46. Rc6+
Kh5 47. e6 Rb4+ 48. Ke5 Kg4 49. Nd6 Rxa4 50. e7 Rh8 51. Rc3 Ra1 52. Re3 Rf1 53.
e8=Q Rxe8+ 54. Nxe8 Rf3 55. Nf6+ Kxg3 56. Ne4+ Kg4 57. Re1 Rf5+ 58. Kd4 Rb5 59.
Rg1+ Kf4 60. Rf1+ Kg4 61. Rg1+ Kf4 62. Nf2 Rb4+ 63. Kc3 Kf5 64. Nd3 Re4 65.
Rf1+ Kg6 66. Rg1 Kf5 67. Rb1 a4 68. Rb5+ Kg6 69. Nc5 Rf4 70. Ne6 Rf5 71. Rb8
Ra5 72. Kb4 a3 73. Nf4+ Kf5 74. Kxa5 a2 75. Rb5+ Kg4 76. Ne6 a1=Q+ 77. Kb6 Qf6
78. Rxg5+ Kh4 79. Rc5 Qxe6+ 80. Rc6 Qb3+ 81. Kc7 Kg5 82. Rd6 Kf5 83. Rc6 Ke5
84. Rd6 Qf7+ 85. Kc6 Qc4+ 86. Kd7 Qa4+ 0-1

[Event "49th Continental Open"]
[Site "Sturbridge, MA"]
[Date "2019.08.18"]
[Round "8"]
[White "Cordova, Emilio"]
[Black "Der Manuelian, Haik"]
[Result "1-0"]
[WhiteElo "2599"]
[BlackElo "2303"]
[PlyCount "35"]
[EventDate "2019.08.??"]
[EventType "swiss"]
[EventRounds "9"]
[EventCountry "USA"]

1. c4 c6 2. d4 d5 3. Nf3 Nf6 4. Nc3 e6 5. e3 Nbd7 6. b3 Bd6 7. Bb2 O-O 8. Bd3
e5 9. cxd5 cxd5 10. dxe5 Nxe5 11. Be2 Bg4 12. Nxe5 Bxe5 13. Bxg4 Qa5 14. Rc1
Ne4 15. b4 Qxb4 16. Qb3 Qa5 17. Bf5 Nc5 18. Qa3 1-0

[Event "49th Continental Open"]
[Site "Sturbridge, MA"]
[Date "2019.08.18"]
[Round "8"]
[White "Mulyar, Michael"]
[Black "Stripunsky, Alexander"]
[Result "1-0"]
[WhiteElo "2382"]
[BlackElo "2520"]
[PlyCount "93"]
[EventDate "2019.08.??"]
[EventType "swiss"]
[EventRounds "9"]
[EventCountry "USA"]

1. d4 Nf6 2. Nf3 b5 3. Bg5 Bb7 4. Nbd2 a6 5. Bxf6 gxf6 6. e4 e6 7. c4 Bb4 8. a3
Bxd2+ 9. Nxd2 bxc4 10. Bxc4 f5 11. exf5 Qh4 12. fxe6 dxe6 13. d5 exd5 14. Qb3
Ra7 15. Bxd5 Qe7+ 16. Kf1 Qd7 17. Re1+ Kf8 18. Bxb7 Qxd2 19. Bf3 Kg7 20. g3 c5
21. Kg2 Rd7 22. Rd1 Qg5 23. Qc3+ Qf6 24. Qxc5 Rhd8 25. Qc3 Qxc3 26. bxc3 Rxd1
27. Rxd1 Rc8 28. Rc1 Rc5 29. c4 Nd7 30. Be2 Re5 31. Kf1 Nc5 32. Rc3 Re6 33. Bf3
Rb6 34. Bd5 a5 35. Ke2 Rb2+ 36. Ke3 Kf6 37. Be4 h6 38. Kd4 Ne6+ 39. Kd5 Ke7 40.
c5 Rxf2 41. c6 Nc7+ 42. Kc5 Rb2 43. Rd3 Ne6+ 44. Kc4 Kf6 45. Bd5 Nc7 46. Kc5
Ke7 47. Bc4 1-0

[Event "49th Continental Open"]
[Site "Sturbridge, MA"]
[Date "2019.08.18"]
[Round "8"]
[White "Yanayt, Eugene"]
[Black "Ivanov, Alexander"]
[Result "0-1"]
[WhiteElo "2264"]
[BlackElo "2473"]
[PlyCount "60"]
[EventDate "2019.08.??"]
[EventType "swiss"]
[EventRounds "9"]
[EventCountry "USA"]

1. d4 d6 2. Nf3 Bg4 3. e4 Nf6 4. Nbd2 e6 5. Bd3 Be7 6. h3 Bh5 7. Qe2 Nc6 8. c3
e5 9. g4 Bg6 10. Bb5 Nd7 11. Bxc6 bxc6 12. Nc4 h5 13. g5 Nb6 14. Na5 Qd7 15.
dxe5 O-O 16. Bf4 c5 17. b3 d5 18. exd5 Nxd5 19. Bd2 Nb6 20. Rd1 Bc2 21. Rc1 Bd3
22. Qe3 c4 23. Nd4 Ba3 24. Rd1 Qd5 25. Rg1 Qxa5 26. g6 fxg6 27. bxc4 Bf5 28.
Nb3 Qa4 29. c5 Nc4 30. Qg5 Nxe5 0-1

[Event "49th Continental Open"]
[Site "Sturbridge, MA"]
[Date "2019.08.18"]
[Round "8"]
[White "Kavi, Nithin"]
[Black "Zeltsan, Joseph"]
[Result "0-1"]
[WhiteElo "1963"]
[BlackElo "2293"]
[PlyCount "151"]
[EventDate "2019.08.??"]
[EventType "swiss"]
[EventRounds "9"]
[EventCountry "USA"]

1. Nf3 Nf6 2. c4 g6 3. g3 b6 4. Bg2 Bb7 5. O-O Bg7 6. d4 e6 7. b3 O-O 8. Bb2
Qc8 9. Nc3 Ne4 10. Qc2 f5 11. Rfd1 Nxc3 12. Bxc3 Be4 13. Qd2 d6 14. Rac1 Nd7
15. e3 a5 16. Ng5 Bxg2 17. Kxg2 Qb7+ 18. f3 Rae8 19. d5 Bxc3 20. Rxc3 Nc5 21.
Qd4 h6 22. Nxe6 Nxe6 23. dxe6 Rxe6 24. Qd5 Qc8 25. a3 Rfe8 26. b4 axb4 27. axb4
Qa6 28. Rd2 Qa1 29. Qd3 Qa4 30. Rb2 Qa1 31. Re2 Qa4 32. Rb2 Re5 33. Ra3 Qc6 34.
Qd4 g5 35. Kf2 g4 36. Qf4 Kg7 37. Rc2 Kg6 38. Rac3 Re4 39. fxe4 Rxe4 40. Rc1
Qa4 41. b5 Qa2+ 42. R3c2 Rxf4+ 43. exf4 Qb3 44. Rc3 Qb2+ 45. R1c2 Qb1 46. Rc1
Qe4 47. Rd1 Kf6 48. Re1 Qd4+ 49. Ree3 Qd2+ 50. Kg1 h5 51. Rcd3 Qc1+ 52. Kf2
Qc2+ 53. Ke1 h4 54. Rd2 Qc1+ 55. Ke2 Qxc4+ 56. Kf2 Qxb5 57. Rde2 Qc4 58. Re8 h3
59. Rf8+ Kg6 60. Rfe8 Kf7 61. R8e7+ Kf6 62. Re8 Qf7 63. Rh8 b5 64. Ree8 Kg7 65.
Rb8 b4 66. Rhc8 c5 67. Rc6 Qa2+ 68. Ke1 Qb1+ 69. Kd2 Qb2+ 70. Kd1 Qd4+ 71. Kc1
Kf6 72. Rc7 Qg1+ 73. Kc2 Qxh2+ 74. Kb3 Qxg3+ 75. Kc4 Qxf4+ 76. Kb5 0-1

[Event "49th Continental Open"]
[Site "Sturbridge, MA"]
[Date "2019.08.18"]
[Round "8"]
[White "Poliannikov, Danila"]
[Black "Thomforde-Toates, Noah"]
[Result "1-0"]
[WhiteElo "2093"]
[BlackElo "2178"]
[PlyCount "81"]
[EventDate "2019.08.??"]
[EventType "swiss"]
[EventRounds "9"]
[EventCountry "USA"]

1. e4 c5 2. Nf3 d6 3. d4 cxd4 4. Nxd4 Nf6 5. Nc3 a6 6. g3 e5 7. Nde2 Be6 8. Bg2
Nbd7 9. O-O Be7 10. a4 O-O 11. h3 Qb8 12. g4 Bd8 13. Ng3 Bc4 14. Nce2 Nc5 15.
g5 Nfd7 16. b3 Bxe2 17. Qxe2 Ne6 18. Qg4 g6 19. Rd1 Bb6 20. Ba3 Bc5 21. Bxc5
Ndxc5 22. Ne2 Kg7 23. f4 exf4 24. Nxf4 f5 25. gxf6+ Kf7 26. b4 Nxf4 27. bxc5
dxc5 28. Rf1 Ne6 29. Rad1 Qc7 30. e5 Rad8 31. Bd5 Rfe8 32. Rfe1 Qc8 33. a5 Kf8
34. c4 Kf7 35. Rb1 Rd7 36. Rb6 Rc7 37. Kh1 h5 38. Qg5 Rc6 39. Qh6 Rg8 40. Qh7+
Kf8 41. Qe7# 1-0

[Event "49th Continental Open"]
[Site "Sturbridge, MA"]
[Date "2019.08.18"]
[Round "8"]
[White "Rajesh, C.S."]
[Black "Arun, Siddharth"]
[Result "1-0"]
[WhiteElo "2145"]
[BlackElo "2045"]
[PlyCount "55"]
[EventDate "2019.08.??"]
[EventType "swiss"]
[EventRounds "9"]
[EventCountry "USA"]

1. c4 e5 2. Nc3 Nf6 3. g3 d5 4. cxd5 Nxd5 5. Bg2 Nb6 6. Nf3 Nc6 7. d3 Be7 8. a3
a5 9. Be3 Nd5 10. Nxd5 Qxd5 11. O-O Qb5 12. Qc2 a4 13. Bd2 Be6 14. Bc3 Rd8 15.
Nd2 O-O 16. Rfb1 Bc5 17. b4 Bd4 18. Bf1 f5 19. e3 Bxc3 20. Qxc3 Qb6 21. b5 Na7
22. Qxe5 Rd5 23. Qf4 Qa5 24. Nc4 Qc3 25. d4 Rxb5 26. Rc1 Qb3 27. Qxc7 Kh8 28.
Qe7 1-0

[Event "49th Continental Open"]
[Site "Sturbridge, MA"]
[Date "2019.08.18"]
[Round "8"]
[White "Wu, Brandon"]
[Black "Krishnakumar, Sriram"]
[Result "1-0"]
[WhiteElo "2023"]
[BlackElo "1854"]
[PlyCount "65"]
[EventDate "2019.08.??"]
[EventType "swiss"]
[EventRounds "9"]
[EventCountry "USA"]

1. Nf3 d5 2. g3 c5 3. Bg2 Nc6 4. d4 e6 5. O-O Nf6 6. c4 Be7 7. Nc3 dxc4 8. Qa4
O-O 9. dxc5 Bxc5 10. Qxc4 Be7 11. Bf4 Qa5 12. a3 Qc5 13. Qxc5 Bxc5 14. h3 Nh5
15. Bc7 Nf6 16. Rfd1 Re8 17. b4 Bb6 18. Nb5 a6 19. Bxb6 axb5 20. Nd4 Nxd4 21.
Rxd4 Ra6 22. Bc5 Nd7 23. Bd6 Nb6 24. Bc5 Nd7 25. Rad1 b6 26. Bd6 Nf6 27. R1d3
h6 28. Be5 Ra7 29. Bc6 Rf8 30. Rd8 Nd5 31. Rxf8+ Kxf8 32. e4 f6 33. Bb8 1-0